000 00501nam a2200121Ia 4500
008 220620s9999||||xx |||||||||||||| ||und||
100 _aCioc, Mark
245 4 _aThe Game of Conservation
_bInternational Treaties to Protect the World’s Migratory Animals
546 _aEnglish[eng]
650 _aHistory||History||Historical Geography||Political Science||Public Policy||Environmental Policy
856 _uhttps://library.oapen.org/bitstream/20.500.12657/51069/1/external_content.pdf
942 _cEB
999 _c33313
_d33313